000 00691nam a22002417a 4500
003 UA-OsUOA
001 48779
007 ta
008 20130715b un ||||| |||| 00| 0 ukr d
100 _aФедорівський С.
090 _a82-3
_bФ33
942 _cBK
040 _aUA-OsUOA
_bukr
_cUA-OsUOA
_dUA-OsUOA
245 _aУ смертельному колі
_bхроніка
300 _a239 с.
955 _a3
041 _aukr
080 _a82-3
260 _c1977
650 7 _a82 Література. Літературознавство
_2UDC
999 _c428905
_d428905